| 000 | 00495nam a22001577a 4500 | ||
|---|---|---|---|
| 005 | 20231103084730.0 | ||
| 008 | 231103b |||||||| |||| 00| 0 eng d | ||
| 041 | _aEnglish | ||
| 082 | _a346.6 COL | ||
| 100 |
_aCollier, FC _lEnglish |
||
| 245 |
_aMeetings and Secretarial Practice in South Africa / _cFC Collier |
||
| 260 |
_aCape Town : _bJuta and Company Ltd, _c1955 |
||
| 300 |
_bxii, 296 pages ; _c23 cm. |
||
| 650 |
_aLegal practice _bLaw |
||
| 942 |
_cBK _6ALISON_BN_VRIES |
||
| 999 |
_c281 _d281 |
||